| 000 | 00379nam a2200145Ia 4500 | ||
|---|---|---|---|
| 008 | 230312s9999||||xx |||||||||||||| ||und|| | ||
| 082 |
_a615.82 _bHOL-P |
||
| 100 | _aHollis;Margaret | ||
| 245 | 0 | _aPractical Exercise Therapy | |
| 260 |
_bBlackwell science _aPakistan _c1999 |
||
| 300 | _a280 | ||
| 546 | _aEng. | ||
| 650 |
_aPhysiotherapy _vPractical Exercise Therapy |
||
| 942 | _cBK | ||
| 999 |
_c9176 _d9176 |
||